000 00391nam a2200133Ia 4500
005 20251222125350.0
008 251222s1900||||xx |||||||||||||| ||spa||
020 _a978-603-4002-83-8
082 _a343.052/L97
100 _aLuján Alburqueque, Luis Felipe
245 0 _aReparos Frecuentes Efectuados por la SUNAT en el IGV y el Impuesto a la Renta
264 _bGaceta Jurídica
942 _cCD
999 _c2711
_d2711